Littérature - L'éducation - Statistiques

Statistiques générales
  • Ce quiz a été pris 55 fois
  • Le résultat moyen est 3 sur 6
Statistiques - réponses
Question Réponse % Correct
Éducation idéale selon Rabelais, qu'il transpose sur un personnage singulier appelé... Gargantua
89%
Oeuvre de Jean-Jacques Rousseau où il préconise une éducation liée à l'expérience et non à l'apprentissage dès le plus jeune âge. Emile, ou De l'Education
65%
Auteur qui critique des précepteurs qui utilisent la poésie d'Horace comme instrument de torture pour les élèves dans Les Contemplations. Hugo
43%
Date de publication de Gargantua 1534
26%
Date de publication des Essais de Montaigne 1580
24%
"Marchands de grec, marchands de ..." Latin
11%
Aucun quiz correspondant
Distribution des résultats
% des personnes avec chaque résultat
Percentile par nombre de réponses
Votre historique - résultats
Vous n’avez pas pris ce quiz